Score 0/27 Timer 03:00
2 Plays Today
Hint 4-Letter Word % Correct
🔎 Hint in a murder-mystery game 🔍CLUE
97.6%
Sticky stuffGLUE
97.4%
Heaven oppositeHELL
93.8%
Cinderella's destinationBALL
92.4%
Breakfast or lunch, e.g.MEAL
90.8%
SadGLUM
90.6%
Pool table materialFELT
90.4%
ChimeBELL
90.3%
Drain stopperPLUG
90.2%
ToppledFELL
90.1%
Greenish blueTEAL
89.9%
🔎 The killer is Professor ___... 🔍PLUM
89.8%
Apartment, to BritsFLAT
89.5%
TattleTELL
89.2%
Hint 4-Letter Word % Correct
Vatican leaderPOPE
88.1%
🔎 ...in the ___... 🔍HALL
87.8%
Put ammo intoLOAD
85.3%
Heroic actFEAT
83.2%
Title for ByronLORD
82.5%
Bullet or a garden pestSLUG
82.2%
Alcoholic drink made of honeyMEAD
82.1%
PennantFLAG
80.5%
Folk mythologyLORE
79.1%
🔎 ...with the ___ [Last Rung] 🔍LEAD
78.8%
Long, steady strideLOPE
77.6%
Waste, cinder, or debrisSLAG
74.6%
🔎 [Rung 21] ___! 🔍PIPE
69.9%

Today's Daily Dose

Quick Pick
Colorful Movies

Get the Picture
Dog Breeds II

Remove Ads.
Support Sporcle.
Get the best of Sporcle when you Go Orange. This ad-free experience offers more features, more stats, and more fun while also helping to support Sporcle. Thank you for becoming a member.

You're not logged in!

Compare scores with friends on all Sporcle quizzes.
OR
Log In

Show Comments

Extras

Top Quizzes Today


Score Distribution

Your Account Isn't Verified!

In order to create a playlist on Sporcle, you need to verify the email address you used during registration. Go to your Sporcle Settings to finish the process.

Report this User

Report this user for behavior that violates our Community Guidelines.

Details: